01016nam a22002297a 4500999001700000003000900017008004100026040007100067082001800138100002300156245006600179260003300245300002800278440004100306505024400347650002200591650001900613650002000632942001600652945002000668952009800688 c18799d18799AR-CdUCM190515b ||||| |||| 00| 0 spa d aMUNICIPALIDAD PROVINCIAL DEL CUSCOcBIBLIOTECA MUNICIPAL DEL CUSCO a632.7 /bCH48 aChiesa Molinari, O aLas plagas de la huerta y el jardín y modo de combatirlas / aBuenos Aires :bBell,c1948. a205 páginas ;c20 cm. aBiblioteca de pampa argentina939610 aContenido : Generalidades sobre los insectos -- Nociones generales sobre la forma y vida de los insectos y otros enemigos de la agricultura -- Procedimientos generales de lucha contra las plagas de las hortalizas y plantas de jardín ...  aHortalizas922950 aPlantas919530 aInsectos919562 2ddccLIBROS arahd2019/05/15 002ddc4070aSCbSCcCARTd2019-05-15g30.00o632.7 / CH48pSC0000001687r2019-05-15yLIBROS